[Event "ESP-chT"]
[Site "Cala Galdana"]
[Date "2001.10.16"]
[Round "4"]
[White "Karpov, Anatoly"]
[Black "Giorgadze, Giorgi"]
[Result "1/2-1/2"]
[WhiteElo "2692"]
[BlackElo "2585"]
[PlyCount "54"]
[EventDate "2001.10.13"]
[EventType "team"]
[EventRounds "9"]
[EventCountry "ESP"]
[SourceTitle "CBM 084 Extra"]
[Source "ChessBase"]
[SourceDate "2001.10.26"]
[SourceVersion "1"]
[SourceVersionDate "2001.10.26"]
[SourceQuality "1"]

1. d4 {ChessBase} d5 2. c4 e6 3. Nf3 Nf6 4. Nc3 Bb4 5. Bg5 h6 6. Bxf6 Qxf6 7. e3 O-O 8. Rc1 dxc4 9. Bxc4 c5 10. O-O cxd4 11. Nxd4 Bd7 12. Qb3 ({RR} 12. Ne4 Qe7 13. Qh5 Nc6 14. Nb3 Be8 15. a3 f5 16. Qe2 Bxa3 17. bxa3 fxe4 18. Nc5 Ne5 19. Ba2 Nf3+ 20. Kh1 Qh4 21. gxf3 Bh5 22. Bxe6+ Kh8 23. Bg4 exf3 24. Qb2 Bxg4 25. Rg1 Rf7 26. Qd4 h5) 12... Nc6 13. Nce2 ({RR} 13. Nxc6 Bxc3 14. Qxb7 ({RR} 14. Rxc3 Bxc6 15. Bb5 Bd5 16. Bc4 Bc6 17. Bb5 Bd5 18. Bc4) 14... Bxc6 15. Qxc6 Bxb2 16. Rc2 Rac8 17. Qa4 Rc7 18. Bd3 Rxc2 19. Bxc2 Rc8 20. Rd1 Qc3 21. Bb3 Qc5 22. g3 Bf6 23. Rd7 Rc7 24. Rxc7 Qxc7 25. Qe8+ Kh7 26. h4 g6 27. Qa8 Kg7 {So,W (2770)-Carlsen,M (2855) Bilbao 2016 CBM 174 [ChessBase] ½-½ (38)}) ({RR} 13. Nxc6 Bxc3 14. Rxc3 Bxc6 15. Bb5 Bd5 16. Bc4 Bc6 17. Bb5 Bd5 18. Bc4 Bc6 19. Bb5 {½-½ (19) Chen,H (2419)-Zhang,D (2406) Ji'an CHN 2025}) 13... Qe7 14. Nxc6 $146 ({RR} 14. a3 Bd2 15. Nxc6 Bxc6 16. Rcd1 Ba5 17. Nd4 Rac8 18. f4 Be4 19. Kh1 Bb6 20. Ne2 Qc5 21. Rd4 Qc6 22. Bb5 Bxg2+ 23. Kg1 Bd5 24. Bxc6 Bxb3 25. Bxb7 Rc2 26. Rf2 Rb8 27. Rb4 Bxe3 {0-1 (27) Cruz,C (2485)-Cornette,M (2522) Navalmoral 2010}) ({RR} 14. a3 Nxd4 15. Nxd4 Bc5 16. Rfd1 Bb6 17. Bb5 Rfd8 18. Nf3 Bxb5 19. Qxb5 Rxd1+ 20. Rxd1 Rd8 {½-½ (20) Moiseenko,A (2653)-Izoria,Z (2600) Mallorca 2004}) 14... Bxc6 15. Nd4 Rac8 16. Nxc6 Rxc6 17. Bd3 Rfc8 18. Rxc6 Rxc6 19. Be4 Rc7 20. Rd1 g6 21. g3 Bd6 22. Qb5 a6 23. Qd3 Be5 24. b3 Kg7 25. Kg2 Qb4 26. Bf3 Qe7 27. h4 h5 1/2-1/2

[Event "Madrid sim"]
[Site "Madrid"]
[Date "2001.??.??"]
[Round "?"]
[White "Karpov, Anatoly"]
[Black "Martinez Gonzalez, Alejandro Santiago"]
[Result "1-0"]
[WhiteElo "2692"]
[BlackElo "2266"]
[PlyCount "73"]
[EventDate "2001.11.10"]
[EventType "simul"]
[EventRounds "1"]
[EventCountry "ESP"]
[SourceTitle "CBM 085 Extra"]
[Source "ChessBase"]
[SourceDate "2002.01.21"]
[SourceVersion "1"]
[SourceVersionDate "2002.01.21"]
[SourceQuality "1"]

1. Nf3 d5 2. d4 Nf6 3. c4 e6 4. Nc3 Bb4 5. Bg5 O-O 6. e3 Re8 ({RR} 6... Be7 7. Rc1 h6 8. Bh4 b6 9. cxd5 exd5 10. Bd3 Bb7 11. O-O c5 12. Ne5 Nc6 13. f4 cxd4 14. Nxc6 Bxc6 15. Ne2 Bd7 16. Nxd4 Ng4 17. Bxe7 Qxe7 18. Qf3 Qxe3+ 19. Qxe3 Nxe3 20. Rfe1 Nc4 21. Bxc4 {Xiong,J (2686)-Yoo,C (2495) Chess.com INT 2021 ½-½}) 7. Qb3 $146 ({RR} 7. Bd3 h6 8. Bh4 c6 9. O-O Nbd7 10. cxd5 exd5 11. Qc2 Qc7 12. Bg3 Bd6 13. Nb5 cxb5 14. Qxc7 Bxc7 15. Bxc7 a6 16. Rac1 Nf8 17. Rc2 Be6 18. Rfc1 Rec8 19. Nd2 Ne8 20. Nb3 Nxc7 21. Rxc7 Rxc7 {Euler,G (2325)-Reiffenrath,C Giessen 1994 1-0 (99)}) ({RR} 7. cxd5 exd5 8. Bd3 h6 9. Bh4 c5 10. O-O Bxc3 11. bxc3 c4 12. Bc2 Nbd7 13. Re1 Qa5 14. Bxf6 Nxf6 15. Qd2 Ne4 16. Bxe4 dxe4 17. Ne5 Be6 18. Rab1 Rad8 19. Qc2 Bd5 20. Rb4 Qc7 21. Qe2 a5 {Almeida,M (1854)-Galvan Cipriani,V (2018) Vila Nova de Famalicao POR 2025 ½-½ (69)}) ({RR} 7. Bd3 Nbd7 8. O-O b6 9. cxd5 Bxc3 10. dxe6 Rxe6 11. bxc3 Qe8 12. Bc4 Re4 13. Bxf6 Nxf6 14. Ne5 Be6 15. Be2 Rd8 16. Qc2 Bd5 17. g3 Qe6 18. Rfe1 Rxe5 19. dxe5 Qh3 20. Bf1 Qh6 21. exf6 Qxf6 {Peters,S (1638)-Lindbol,A Oslo 2014 1-0 (31)}) 7... Bxc3+ 8. bxc3 Nbd7 9. a4 c6 10. a5 h6 11. Bh4 Qc7 12. Bg3 Qd8 13. Bd3 Nh5 14. Bd6 dxc4 15. Bxc4 Ndf6 16. Bb4 Nd5 17. Bc5 Nhf6 18. Bd3 Nd7 19. Bd6 N7f6 20. Be5 Ng4 21. Bg3 Ngxe3 22. fxe3 Nxe3 23. Ke2 Nf5 24. Bf2 Qc7 25. Rhe1 a6 26. Kf1 Bd7 27. Ne5 Rad8 28. Bxf5 Re7 29. Bg4 Rde8 30. Bg3 Qc8 31. Nc4 e5 32. Nd6 Be6 33. Nxc8 Bxb3 34. Nxe7+ Rxe7 35. Rxe5 Rxe5 36. Bxe5 Bc4+ 37. Kf2 1-0

[Event "Najdorf Memorial 11th"]
[Site "Buenos Aires"]
[Date "2000.09.23"]
[Round "6"]
[White "Karpov, Anatoly"]
[Black "Milov, Vadim"]
[Result "1/2-1/2"]
[WhiteElo "2699"]
[BlackElo "2626"]
[Annotator "Ribli,Zoltan"]
[PlyCount "76"]
[EventDate "2000.09.18"]
[EventType "tourn"]
[EventRounds "9"]
[EventCountry "ARG"]
[EventCategory "14"]
[SourceTitle "CBM 080"]
[Source "ChessBase"]
[SourceDate "2001.01.25"]
[SourceVersion "1"]
[SourceVersionDate "2001.01.25"]
[SourceQuality "1"]

1. d4 {Ribli,Zoltan} Nf6 2. c4 e6 3. Nf3 d5 4. Nc3 Bb4 {Das ist die sogenannte Ragozin-Variante, die in den vierziger Jahren sehr populär war. . Das ist eine spezielle Mischung aus dem Damengambit und der Nimzoindischen Verteidigung, in der Schwarz prinzipiell um die Herrschaft über das Feld e4 kämpft.} 5. Bg5 {Die andere Hauptvariante ist 5.cxd5 exd5 6.g5.} Nbd7 (5... dxc4 {Auf diese Weise kann Schwarz die scharfe Wiener Variante herbeiführen.}) 6. cxd5 exd5 7. Qc2 O-O (7... h6 8. Bh4 c5 9. e3 Qa5 10. Bd3 O-O 11. O-O c4 12. Bf5 $14) (7... c5 8. dxc5 Qa5 9. Bd2 $14) ({RR} 7... c5 8. dxc5 Qa5 9. Bd2) ({RR} 7... h6 8. Bh4 c5 9. e3 Qa5 10. Bd3 O-O 11. O-O c4 12. Bf5) 8. a3 Bxc3+ (8... Be7 9. e3 $14 {Wir haben eine gut bekannte Stellung der Abtauschvariante des Damengambits vor uns, aber mit einem Mehrtempo für Weiß - denn Schwarz spielte 4...b4 und 8...e7.}) ({RR} 8... Be7 9. e3 b6 10. Bd3 Bb7 11. O-O c5 12. Rad1) 9. Qxc3 h6 (9... c6 10. e3 (10. Nd2 $5) ({RR} 10. Nd2) 10... h6 (10... Qe8 11. Nd2 (11. Qc2 Ne4 12. Bf4 Qe7 13. Bd3 f5 14. h4 Ndf6 15. Ne5 Nh5 16. g3 Be6 17. Qd1 Nxf4 18. gxf4 c5 19. dxc5 Nxc5 20. Nf3 d4 21. Nxd4 Rad8 22. Bc2 Bd5 23. Rg1 Be4 24. Bxe4 Qxe4 25. Kf1 {1-0 Van Wely,L-Giorgadze,G/Frankfurt 1999/EXT 2000 (59)}) 11... Ne4 12. Nxe4 {½-½ Garcia Ilundain,D-Giorgadze,G/Barcelona ESP 2000/The Week in Chess 301 (12)}) (10... Qb6 11. Qb4 Ne4 12. Bf4 Qd8 13. Be2 a5 14. Qa4 c5 15. Qc2 c4 16. Bxc4 dxc4 17. Qxe4 $16 {½-½ Lutz,C-Blatny,P/Germany 1995/GER-chT (42)}) 11. Bh4 Qe8 (11... g5 12. Bg3 Ne4 13. Qc2 h5 14. Nd2 Nxd2 15. Qxd2 h4 16. Bd6 Re8 17. Bd3 Nf6 18. Bb4 a5 19. Bc3 Ne4 20. Bxe4 dxe4 21. f3 Qd5 22. O-O {½-½ Bozinovic,B-Kovacevic,V/Kastel Stari 1997/CBM 57 ext (49)}) 12. Bd3 ({RR} 12. Bd3 Ne4 13. Qc2 Nb6 14. O-O Bf5 15. a4 Qe6 16. Nd2 Nd6 17. Nb3 Bxd3 18. Qxd3 Nf5 19. Nc5 Qg6 20. Bg3 Nxg3 21. hxg3 Qxd3 22. Nxd3 Nc4) 12... Ne4 13. Qc2 Nb6 14. O-O Bf5 15. a4 Qe6 16. Nd2 Nd6 17. Nb3 Bxd3 18. Qxd3 Nf5 19. Nc5 Qg6 20. Bg3 Nxg3 21. hxg3 Qxd3 22. Nxd3 Nc4 {½-½ Markos,J-Luther,T/Istanbul TUR 2000/The Week in Chess 313 (40)}) ({RR} 9... c6 10. e3 Qe8 11. Qc2 ({RR} 11. Nd2 Ne4 12. Nxe4) 11... Ne4 12. Bf4 Ndf6 13. h3 Nh5 14. Be5 f6 15. Bh2 f5 16. Bd3 f4 17. O-O fxe3 18. fxe3 Nhf6 19. Ne5 Be6) 10. Bh4 c6 ({RR} 10... c5 11. dxc5 g5 12. Bg3 Ne4 13. Qc2 Ndxc5 14. e3 Bd7 15. Nd4 Ba4 16. Qe2 Ne6 17. Nxe6 fxe6 18. f3 Nc5 19. Be5 Rc8 20. Bc3 Qe8 21. h4 g4 22. h5 e5) 11. Nd2 $5 $146 {[%mdl 8] Eine interessante Idee - Weiß spielt (noch) nicht e2-e3, sondern möchte mit f2-f3 den Springerzug e4 verhindern.} (11. e3 Qe8 12. Bd3 Ne4 13. Qc2 Nb6 14. O-O Bf5 15. Rfe1 Qe6 16. Nd2 Nd6 17. f3 Bxd3 18. Qxd3 Nbc4 19. Nxc4 Nxc4 20. b3 Nd6 21. Rac1 Rfe8 22. Bg3 Nf5 23. Bf2 Rad8 {0-1 Pelletier,Y-Milov,V/Biel 1993/TD (67)}) ({RR} 11. e3 Qe8 12. Nd2 Ne4 13. Qc2 Nb6 14. Bd3 Bf5 15. Bg3 Qe6 16. O-O Rac8 17. Rfc1 Bg6) 11... Qe8 {Die schwarze Dame geht aus der Fesslung auf der Diagonale h4-d8.} (11... g5 12. Bg3 Ne4 13. Nxe4 dxe4 14. h4 (14. e3 Nb6 $13 {[%cal Gb6d5]}) 14... Nb6 15. hxg5 Nd5 16. Qc2 ({RR} 16. Qc2 Qa5+ 17. Qd2 ({RR} 17. Kd1 e3) 17... Qxd2+ 18. Kxd2 hxg5 19. e3) 16... Qa5+ 17. Qd2 $1 (17. Kd1 $6 e3 $1 $13 18. gxh6 Bf5 19. h7+ (19. Qxf5 $4 Qd2#) 19... Kh8 20. Qc1 Qa4+ 21. Ke1 Qa5+ 22. Kd1 $11 (22. b4 $2 Nxb4 23. axb4 Qxb4+ 24. Kd1 Qxd4+ 25. Ke1 Qb4+ 26. Kd1 Rfd8+ $19)) 17... Qxd2+ 18. Kxd2 hxg5 19. e3 $14) ({RR} 11... g5 12. Bg3 Ne4 13. Nxe4 dxe4 14. h4 Nb6 15. hxg5 Nd5 16. Qc5 hxg5 17. e3 Re8 18. Bc4 Be6 19. Kd2 f6 20. Rh6 Kg7 21. Rah1) 12. f3 Qe6 13. e3 Nb6 $146 ({RR} 13... b6 14. Be2 Re8 15. Bf2 c5 ({RR} 15... a5 16. O-O Ba6) 16. O-O Bb7 ({RR} 16... c4 17. e4) 17. b3 Rac8 18. Rfe1 cxd4 ({RR} 18... a6) 19. Qxd4 Qc6 20. Nf1 Qc3 21. Rab1 ({RR} 21. Qxc3 Rxc3) 21... Nf8 ({RR} 21... Qxd4 22. exd4 Nf8) ({RR} 21... Ne5) 22. Qxc3 Rxc3 23. Ng3 g6 ({RR} 23... Ne6) 24. Bb5 Rec8 ({RR} 24... Bc6 25. Ne2 Rc5 26. Bd3) 25. Ne2 R3c5 26. a4 Ne6 27. Bg3 ({RR} 27. e4 R5c7 28. e5 Nd7 29. Nd4) 27... a6 28. Bd3 {Aronian,L (2571)-Bagirov,R (2516) Batumi 2002 CBM 090 [Ribli,Zoltan] 1-0 (53)}) ({RR} 13... Re8 14. Bf2) ({RR} 13... Re8 14. Bf2 b6 15. Bd3 c5 16. O-O Bb7 17. Qc2 Rac8 18. Bf5 Qe7 19. Qd3 g6 20. Bh3 cxd4 21. Qxd4 Rc2 22. Rfc1 Rec8 23. Rxc2 Rxc2 24. Rb1 Ne5 25. Bh4 g5 26. Bg3 Nc4 27. Nxc4 Rxc4 28. Qe5 {Ruck,R (2524)-Horvath,P (2418) Ajka 2019 ½-½ (56)}) 14. Bf2 (14. O-O-O) ({RR} 14. O-O-O) 14... Nh5 15. g4 (15. O-O-O f5 $13) 15... Nf4 16. O-O-O $14 {Weiß hat das Läuferpaar und das bessere Figurenspiel. In der Folge kann er im Zentrum mit e3-e4 aktiv werden.} Ng6 17. Bd3 Bd7 18. Kb1 {Das ist immer ein nützlicher prophylaktischer Zug - Weiß vermeidet mögliche Unannehmlichkeiten auf der c-Linie.} Na4 19. Qc2 c5 $5 {Ich bin mir nicht sicher, ob diese Fortsetzung korrekt ist. Schwarz möchte nicht abwarten, sondern strebt sofort Gegenspiel an.} 20. dxc5 Rac8 21. e4 $1 {[%cal Gf2c5]} (21. Bf5 Qe7 22. Bxd7 Qxd7 23. Ne4 f5 24. gxf5 Qxf5 25. Qxa4 dxe4 $13) 21... d4 $5 {Schwarz opfert einen weiteren Bauer, aber auf diese Weise werden die weißen Figuren (d3 und d2) etwas passiv.} (21... dxe4 22. Nxe4 $16 {[%csl Gd3,Ge4]}) 22. Bxd4 Qe7 {[%cal Ge7c5]} 23. Nb3 b6 {[%cal Gc8c2]} 24. Ba6 Rc7 25. c6 $6 {Es ist klar, dass Weiß einen Bauern zurückgeben muss, aber nach der Partiefortsetzung bekommt Schwarz die offene c-Linie.} (25. h4 Nxc5 26. Nxc5 bxc5 27. Qc3 $16 {[%cal Gc3c7]}) 25... Rxc6 26. Qd2 Rd6 $1 {[%cal Gd6d1] Die Oppisition von Turm und Dame ist unangenehm für Weiß - es droht e6 und fd8.} 27. Qb4 Ne5 28. Bb5 $2 (28. Bxe5 Qxe5 {[%cal Re5b2,Rb2b1]} 29. Rd4 $16) 28... Bxb5 29. Qxb5 Nxf3 $1 {[%mdl 64]} 30. Qxa4 Qxe4+ 31. Ka2 Rfd8 {[%cal Rd8d1] Schwarz hat nur einen Bauern für die Figur, aber Weiß sieht sich vor Problemen bei der Koordination seiner Figuren. Er muss die Figur zurück geben.} 32. h3 $1 (32. Rhf1 Nxd4 33. Rfe1 Qxg4 34. Re8+ Rxe8 35. Qxe8+ Kh7 {[%cal Gg4d1]} 36. Rxd4 Rxd4 37. Nxd4 Qxd4 38. Qxf7 $17) 32... Qe6 {[%cal Ge6a2]} (32... Nxd4 $2 {Dieses Schlagen des Läufers kommt zu früh.} 33. Rhe1 Qf4 34. Re8+ Rxe8 (34... Kh7 35. Rxd8 Rxd8 36. Rxd4 $18) 35. Qxe8+ Kh7 36. Qa4 b5 37. Qb4 a5 38. Rxd4 $18) 33. Ka1 Qd7 34. Qa6 (34. Qxd7 R8xd7 35. Rhe1 Nxe1 (35... Nxd4 36. Nxd4 Rxd4 37. Rxd4 Rxd4 38. Re8+ Kh7 39. Re7 {Wir haben nach Zugumstellung dieselbe Stellung wie in der Partie nach 35...xe1.}) 36. Rxe1 Rxd4 37. Nxd4 Rxd4 38. Re8+ Kh7 39. Re7 Kg6 40. Rxa7 Rd3 41. Rb7 Rxh3 42. Rxb6+ Kg5 $17) 34... Nxd4 35. Rxd4 Rxd4 36. Nxd4 Qxd4 37. Qxa7 {Endlich hat Weiß das materielle Gleichgewicht wiederhergestellt.} Re8 $15 {Schwarz hat etwas bessere Chancen, weil die weiße Dame etwas passiv auf a7 steht. Schwarz Hingegen hat starke Kontrolle über die d- und e- Linie.} 38. Rf1 Qc4 1/2-1/2

[Event "FRA"]
[Site "France"]
[Date "1993.??.??"]
[Round "?"]
[White "Karpov, Anatoly"]
[Black "Lautier, Joel"]
[Result "1/2-1/2"]
[WhiteElo "2725"]
[BlackElo "2645"]
[PlyCount "73"]
[EventDate "1993.??.??"]
[EventType "team"]
[EventRounds "11"]
[EventCountry "FRA"]
[SourceTitle "TD"]
[Source "ChessBase"]
[SourceDate "1994.03.01"]
[SourceVersion "1"]
[SourceVersionDate "1994.03.01"]
[SourceQuality "1"]

1. d4 d5 2. c4 e6 3. Nc3 Bb4 4. Nf3 Nf6 5. Bg5 Nbd7 6. cxd5 exd5 7. e3 c5 8. dxc5 Qa5 9. Nd2 Ne4 ({RR} 9... Bxc3 10. bxc3 Qxc3 11. Bxf6 Nxf6 12. Bb5+ Bd7 13. Rc1 Qa5 14. Bxd7+ Nxd7 15. O-O Nxc5 16. Nb3 Nxb3 17. Qxb3 O-O 18. Qxb7 Qxa2 19. Ra1 Qc4 20. Rxa7 Rxa7 21. Qxa7 Rc8 22. h3 h6 23. Rd1 Qe2 24. Qa4 {Carlsen,M (2840)-Erigaisi,A (2775) Doha QAT 2025 ½-½ (101)}) ({RR} 9... Bxc3 10. bxc3 Qxc3 11. Bxf6 Nxf6 12. Bb5+ Bd7 13. Rc1 Qa5 14. Bxd7+ Nxd7 15. O-O Nxc5 16. Nb3 Nxb3 17. Qxb3 O-O 18. Rfd1 Rfd8 19. Qxb7 Rab8 20. Qe7 Qxa2 21. Ra1 Qc2 22. Qxa7 Rb2 23. Rf1 h6 24. Qd4 {Artemiev,V (2641)-Bharath,S (2589) chess.com INT 2026 1-0 (62)}) 10. Ndxe4 dxe4 11. Qd4 O-O 12. a3 $146 ({RR} 12. Bc4 Qxc5 13. Qxc5 Nxc5 14. Be7 Re8 15. Bxc5 Bxc5 16. Bd5 Bb4 17. O-O-O Bxc3 18. bxc3 Kf8 19. Rd4 f5 20. g4 g6 21. gxf5 gxf5 22. Rg1 Be6 23. Bxb7 Rad8 24. a4 Rxd4 25. exd4 Rb8 26. Bc6 Rc8 {Wee,Z (2078)-Wong Tsui Hern,D Singapore 2002 1-0 (43)}) 12... Bxc3+ 13. Qxc3 Qxc3+ 14. bxc3 Nxc5 15. Be7 Nb3 16. Rd1 Re8 17. Bb5 Bg4 18. Bxe8 Bxd1 19. Kxd1 Rxe8 20. Bb4 Rc8 21. Kc2 Nc5 22. Bxc5 Rxc5 23. Rd1 g6 24. g4 h5 25. h3 hxg4 26. hxg4 Rg5 27. Rd7 b6 28. Rxa7 Rxg4 29. Kd2 Rg2 30. Ke2 Rg1 31. Ra4 Rc1 32. c4 Rc2+ 33. Kf1 Ra2 34. Kg2 Kg7 35. Kg3 f5 36. Ra6 Kh6 37. Rxb6 1/2-1/2

[Event "Baden-Baden"]
[Site "Baden-Baden"]
[Date "1992.12.13"]
[Round "8"]
[White "Karpov, Anatoly"]
[Black "Lautier, Joel"]
[Result "1-0"]
[WhiteElo "2715"]
[BlackElo "2580"]
[Annotator "Ftacnik,Lubomir"]
[PlyCount "135"]
[EventDate "1992.12.??"]
[EventType "tourn"]
[EventRounds "11"]
[EventCountry "GER"]
[EventCategory "14"]
[SourceTitle "CBM 033"]
[Source "ChessBase"]
[SourceDate "1993.04.01"]
[SourceVersion "1"]
[SourceVersionDate "1993.04.01"]
[SourceQuality "1"]

1. d4 {Kortschnoj} d5 2. c4 e6 3. Nc3 Bb4 4. Nf3 Nf6 5. Qa4+ Nc6 6. Ne5 Bd7 7. Nxd7 Qxd7 8. e3 Ne4 $6 (8... e5 $1 9. dxe5 d4 $1 (9... Ne4 10. Qc2 d4 11. a3 dxc3 12. axb4 Nxb4 13. Qxe4 O-O-O 14. Be2 cxb2 15. Bxb2 Qd2+ 16. Kf1 Qxb2 17. Rb1 Qc3 18. g3 $14) 10. a3 Bxc3+ 11. bxc3 dxe3 12. Bxe3 (12. exf6 exf2+ 13. Kxf2 Qf5+ 14. Ke1 O-O-O $44) 12... Ng4 13. Bd4 Ngxe5 14. f4 Nxd4 $1 15. Qxd7+ Kxd7 16. cxd4 Nc6 17. O-O-O Rad8 18. d5 Na5 19. Bd3 Kd6 $1 $15 {Spielman-Fine/Zandwoort/1936/}) 9. Qc2 Nxc3 10. bxc3 Be7 11. cxd5 exd5 12. Bd3 h6 $146 (12... g6 $6) ({RR} 12... g6 13. O-O O-O 14. e4 dxe4 15. Bxe4 f5 16. Bd3 Kg7 17. Rb1 b6 18. Re1 Na5 19. Bf4 Bd6 20. Bd2 c5 21. dxc5 Bxc5 22. Rbd1 Rad8 23. Bf4 Rfe8 24. Be5+ Kg8 25. Bc4+ Nxc4 26. Rxd7 Rxd7 27. Qb3 {Sarsa,E-Massinen,P Finland 1991 ½-½ (57)}) ({RR} 12... g6 13. O-O O-O 14. Bb2 Rfe8 15. f3 Nd8 16. e4 c5 17. exd5 Qxd5 18. c4 Qd6 19. d5 Bf6 20. Rae1 Rf8 21. f4 b6 22. Be5 Bxe5 23. fxe5 Qd7 24. Rf3 Nb7 25. Qd2 Kg7 26. Rh3 h5 27. Rxh5 {Lagutina,O (1826)-Turkeeva,Y (1902) Zelenograd 2020 1-0 (42)}) 13. Qa4 a6 14. Rb1 Ra7 15. c4 b5 $6 (15... dxc4 16. Qxc4 O-O $14) 16. cxb5 axb5 17. Qxb5 O-O (17... Rxa2 18. Bf5 Qd6) 18. Bc2 Rxa2 (18... Rb8 19. Qd3 $16) 19. Qd3 g6 20. Bd2 Ra3 21. Qe2 Qe6 22. h3 (22. O-O $4 Nxd4) 22... h5 $6 (22... Re8 23. Qg4 $14) 23. g4 $1 Ra2 24. Bc3 Rb8 25. Rxb8+ Nxb8 26. Qd3 hxg4 27. Bb3 Ra3 28. Bb2 Ra5 29. hxg4 Qxg4 $6 (29... Na6 30. Bc3 Bb4) 30. Bc3 Qg2 31. Rf1 Ra3 32. Qb5 Nd7 33. Bxd5 $1 Qg4 34. Bb2 Ra6 35. f3 (35. Qxa6 $4 Bb4+ 36. Bc3 Bxc3#) 35... Qg2 36. Qe2 Qg3+ 37. Kd1 Rb6 38. f4 Nf6 39. Bf3 Qh3 40. Rh1 Qe6 $6 41. d5 Qd7 42. Qc2 Rb4 43. Bc3 Rb8 (43... Rc4 $2 44. Bxf6 $1 Rxc2 45. Rh8#) 44. Ke2 Nh7 45. Kf2 Bf6 $2 46. Rxh7 $3 Bxc3 47. Qxg6+ $1 fxg6 (47... Kf8 48. Qh6+ Ke7 (48... Ke8 49. Rh8+ Bxh8 50. Qxh8+ Ke7 51. Qxb8 $18) 49. Qh5 Rb2+ 50. Be2 $16) 48. Rxd7 Rb2+ 49. Kg3 Bd2 50. e4 Rb8 51. Rxc7 Rf8 52. f5 gxf5 53. e5 Be1+ 54. Kh3 Rd8 (54... Rf7 55. d6 Ba5 56. Bd5 Bxc7 57. dxc7 $18) 55. d6 Bb4 56. Bd5+ Kh8 57. Rc6 Kg7 58. Kg3 Kg6 59. Kf4 Bd2+ 60. Kf3 Bb4 61. Ke3 Kg5 62. Kd4 Rh8 63. Bg2 Kf4 64. Rc4 Rb8 65. Bc6 Kg5 66. Rxb4 $1 Rxb4+ 67. Kc5 Rb8 68. d7 $1 (68. d7 f4 69. Kd6 $18) 1-0

[Event "World Cup"]
[Site "Reykjavik"]
[Date "1991.??.??"]
[Round "5"]
[White "Karpov, Anatoly"]
[Black "Hjartarson, Johann"]
[Result "1-0"]
[WhiteElo "2730"]
[BlackElo "2550"]
[Annotator "Ftacnik,Lubomir"]
[PlyCount "95"]
[EventDate "1991.09.??"]
[EventType "tourn"]
[EventRounds "15"]
[EventCountry "ISL"]
[EventCategory "16"]
[SourceTitle "CBM 026"]
[Source "ChessBase"]
[SourceDate "1992.02.01"]
[SourceVersion "1"]
[SourceVersionDate "1992.02.01"]
[SourceQuality "1"]

1. d4 Nf6 2. c4 e6 3. Nf3 d5 4. Nc3 Bb4 5. cxd5 exd5 6. Bg5 Nbd7 7. e3 c5 8. Bd3 c4 9. Bf5 Qa5 10. Qc2 O-O 11. O-O Re8 12. Bh4 g6 (12... Bxc3 13. bxc3 g6 14. Bxd7 Nxd7 15. Nd2 $14) 13. Bh3 Bxc3 14. bxc3 Ne4 ({RR} 14... Kg7 15. Nd2 b5 16. a3 h6 17. Bg3 Qb6 18. Rfe1 Nh5 19. Bh4 g5 20. Bg3 Nxg3 21. hxg3 Nf6 22. Bxc8 Raxc8 23. f3 Qd6 24. g4 Qd7 25. Kf2 h5 26. Qf5 Qxf5 27. gxf5 Nd7 28. e4 Nb6 29. e5 {Wukits,R (2292)-Suto,G (2193) Zalakaros 2013 ½-½ (32)}) 15. Rfc1 $5 {N} (15. Rac1 Nb6 16. Bxc8 Raxc8 17. Ne5 f6 18. Ng4 f5 19. Nf6+ Nxf6 20. Bxf6 Na4 21. Be5 Re6 $13 {Dejkalo-Stempin,P/Polska ch/1990/}) 15... f6 $146 (15... Nb6 16. Bxc8 Raxc8 17. Nd2 $14) ({RR} 15... Qa3 16. Nd2 Nb6 17. Bxc8 Raxc8 18. Nxe4 Rxe4 19. Bg3 Re6 20. Rab1 Qe7 21. h3 Qd7 22. Rb4 a5 23. Rbb1 Kg7 24. Qb2 Rec6 25. Qb5 Ra8 26. Rb2 f6 27. Bf4 Kf7 28. Kf1 Qe6 29. Bg3 h5 {½-½ (29) Podgaets,M (2455)-Dreev,A (2450) Sevastopol 1986}) ({RR} 15... Nb6 16. Bxc8 Raxc8 17. a4 Kg7 18. Ng5 Rc6 19. Nxe4 dxe4 20. Rcb1 Nd5 21. Rxb7 Qxc3 22. Qxc3 Nxc3 23. Kf1 a6 24. Be7 Nd5 25. Bc5 Kf6 26. Rc1 c3 27. Ke2 Rd8 28. f3 Re8 29. Rf1 exf3+ 30. Rxf3+ {Moiseenko,A (2665)-Aronian,L (2693) Warsaw 2005 ½-½ (120)}) ({RR} 15... Nb6 16. Bxc8 Raxc8 17. Ne5 Re6 18. f3 Nd6 19. Re1 Kg7 20. e4 h5 21. Rac1 Rce8 22. Bg3 Nb5 23. Re3 Rc8 24. Rf1 Nd6 25. Bf4 Qb5 26. Qf2 Qe8 27. Qg3 f5 28. Ng4 hxg4 29. Bxd6 Nd7 30. Ree1 {Barkhagen,J (2380)-Lukez,F (2320) Vaxjo 1992 ½-½ (60)}) 16. Nd2 g5 17. Bg3 Nb6 18. Bxc8 Raxc8 19. Nf1 Na4 20. f3 Nxg3 (20... Nexc3 $2 21. Be1 $18) 21. hxg3 b5 (21... Rc6 $5 22. g4 Rb6 $132) 22. g4 Rc6 23. Kf2 Rce6 24. a3 a6 25. Qd2 Kh8 26. Rc2 Qc7 27. Re1 h5 $1 28. gxh5 f5 29. Rcc1 (29. e4 f4 30. e5 Qh7 $132) 29... Qf7 (29... Qe7 $5) 30. Ng3 $1 f4 31. exf4 gxf4 (31... Qxf4 32. Qxf4 gxf4 33. Ne2 Rf6 34. Rc2 Re3 35. g4 $16) 32. Ne2 Qf6 (32... Re3 33. Nxf4 Rxe1 34. Ng6+ $18) 33. Nxf4 Qh4+ 34. g3 Qh2+ 35. Ng2 Rxe1 36. Rxe1 Rxe1 37. Qxe1 Nb2 38. Qe8+ Kh7 39. f4 Nd3+ 40. Kf3 Qh1 41. Qe7+ Kh8 (41... Kh6 42. Qf6+ Kh7 43. Qf7+ Kh8 44. Qxd5 Qd1+ 45. Ke4 Qe2+ 46. Ne3 $1 Nf2+ 47. Kf5 Qxh5+ 48. Kf6 Ng4+ 49. Ke7 Qh7+ 50. Kd8 $18) 42. h6 Qd1+ 43. Qe2 Qh1 44. Kg4 Qd1 (44... Qxh6 45. Qe8+ Kg7 46. Nh4 $18) 45. Qxd1 Nf2+ 46. Kg5 Nxd1 47. f5 Nxc3 48. f6 $1 {Ftacnik,L} 1-0

[Event "Sanya City m"]
[Site "Sanya City"]
[Date "2010.11.07"]
[Round "2"]
[White "Karpov, Anatoly"]
[Black "Hou, Yifan"]
[Result "1/2-1/2"]
[WhiteElo "2619"]
[BlackElo "2591"]
[PlyCount "84"]
[EventDate "2010.11.06"]
[EventType "match"]
[EventRounds "4"]
[EventCountry "CHN"]
[SourceTitle "CBM 139"]
[Source "ChessBase"]
[SourceDate "2010.11.18"]
[SourceVersion "1"]
[SourceVersionDate "2010.11.18"]
[SourceQuality "1"]

1. d4 e6 2. c4 Nf6 3. Nc3 Bb4 4. Qc2 d5 5. cxd5 exd5 6. Bg5 c5 7. Nf3 Nbd7 8. dxc5 h6 9. Bd2 Bxc5 10. e3 O-O 11. Bd3 a6 12. O-O Bd6 13. Rfd1 Nc5 14. Be2 b5 $146 ({RR} 14... Qe7 15. Be1 Rd8 16. Na4 Nxa4 17. Qxa4 Bf5 18. a3 Ne4 19. Bb4 Nc5 20. Bxc5 Bxc5 21. Rd2 Be4 22. Qd1 Rac8 23. Nd4 Bb6 24. Bf3 Qf6 25. h3 g6 26. Bxe4 dxe4 27. Rc1 Rxc1 28. Qxc1 Bxd4 29. Rxd4 {Pogorelov,R (2512)-Campos Moreno,J (2494) Terrassa 1999 ½-½ (42)}) ({RR} 14... Qe7 15. Be1 Rd8 16. Na4 Nxa4 17. Qxa4 Bf5 18. a3 Ne4 19. Bb4 Nc5 20. Bxc5 Bxc5 21. Qf4 Be4 22. Bd3 Bd6 23. Qg4 g6 24. Bxe4 dxe4 25. Nd4 h5 26. Qh3 Be5 27. Rd2 Rd6 28. Rad1 Rad8 29. b4 {Komljenovic,D (2465)-Campos Moreno,J (2455) Zaragoza 1995 ½-½ (84)}) 15. Be1 Bb7 16. b4 Nce4 17. a4 Rc8 18. Qb2 bxa4 19. Rxa4 Qc7 20. Na2 Ng5 21. h4 Nxf3+ 22. Bxf3 Bh2+ 23. Kh1 Be5 24. Qe2 Ne4 25. Ra3 Qe7 26. g3 d4 27. Kg1 Nc3 28. Nxc3 Bxf3 29. Qxf3 dxc3 30. Qe4 c2 31. Rc1 f5 32. Qd5+ Kh7 33. Qb3 Qf7 34. Qxf7 Rxf7 35. Ra2 Rfc7 36. h5 Rc6 37. f4 Bf6 38. Kf2 g6 39. hxg6+ Kxg6 40. Kf3 h5 41. Ke2 Kf7 42. Kd3 Rd8+ 1/2-1/2